• AIU
  • Tony Wilmot Memorial Library

Tradition, modernity, and postmodernity in Arabic literature : (Record no. 58424)

MARC details
000 -LEADER
fixed length control field 01262cam a22003134a 4500
001 - CONTROL NUMBER
control field 11934143
003 - CONTROL NUMBER IDENTIFIER
control field OSt
005 - DATE AND TIME OF LATEST TRANSACTION
control field 20140203131724.0
008 - FIXED-LENGTH DATA ELEMENTS--GENERAL INFORMATION
fixed length control field 000307s2000 ne a b 011 0 eng
010 ## - LIBRARY OF CONGRESS CONTROL NUMBER
LC control number 00029265
020 ## - INTERNATIONAL STANDARD BOOK NUMBER
International Standard Book Number 9004117636 (cloth : alk. paper)
040 ## - CATALOGING SOURCE
Original cataloging agency DLC
Transcribing agency DLC
Modifying agency DLC
041 0# - LANGUAGE CODE
Language code of text/sound track or separate title engarb
042 ## - AUTHENTICATION CODE
Authentication code pcc
043 ## - GEOGRAPHIC AREA CODE
Geographic area code ma-----
050 00 - LIBRARY OF CONGRESS CALL NUMBER
Classification number PJ7538
Item number .T73 2000
082 00 - DEWEY DECIMAL CLASSIFICATION NUMBER
Classification number 892.7/09006
Edition number 21
245 00 - TITLE STATEMENT
Title Tradition, modernity, and postmodernity in Arabic literature :
Remainder of title essays in honor of professor Issa J. Boullata /
Statement of responsibility, etc edited by Kamal Abdel-Malek & Wael Hallaq.
260 ## - PUBLICATION, DISTRIBUTION, ETC. (IMPRINT)
Place of publication, distribution, etc Leiden ;
-- Boston :
Name of publisher, distributor, etc Brill,
Date of publication, distribution, etc 2000.
300 ## - PHYSICAL DESCRIPTION
Extent xv, 414 p. :
Other physical details ill. ;
Dimensions 25 cm.
504 ## - BIBLIOGRAPHY, ETC. NOTE
Bibliography, etc Includes bibliographical references and index.
650 #0 - SUBJECT ADDED ENTRY--TOPICAL TERM
Topical term or geographic name as entry element Arabic literature
Chronological subdivision 20th century
General subdivision History and criticism.
9 (RLIN) 24348
700 1# - ADDED ENTRY--PERSONAL NAME
Personal name Boullata, Issa J.,
Dates associated with a name 1929-
9 (RLIN) 24349
700 1# - ADDED ENTRY--PERSONAL NAME
Personal name Abdel-Malek, Kamal.
9 (RLIN) 24350
700 1# - ADDED ENTRY--PERSONAL NAME
Personal name Hallaq, Wael B.,
Dates associated with a name 1955-
9 (RLIN) 7627
906 ## - LOCAL DATA ELEMENT F, LDF (RLIN)
a 7
b cbc
c orignew
d 1
e ocip
f 20
g y-gencatlg
942 ## - ADDED ENTRY ELEMENTS (KOHA)
Source of classification or shelving scheme Library of Congress Classification
Koha item type Books
Holdings
Withdrawn status Lost status Source of classification or shelving scheme Damaged status Not for loan Collection code Home library Current library Shelving location Date acquired Source of acquisition Cost, normal purchase price Total Checkouts Full call number Barcode Date last seen Copy number Price effective from Koha item type
    Library of Congress Classification     General Circulation AIU/NEGST - Tony Wilmot Memorial Library AIU/NEGST - Tony Wilmot Memorial Library General Stacks 02/03/2014 Donation -TBN. 80.00   PJ 7538.T73 2000 R28230N3232 09/26/2019 1 02/03/2014 Books